Biblioteca

Plenitud de vida : (Registro nro. 66493)

Detalles MARC
000 -LÍDER
Campo fijo de descripción fija 01687nam a2200361 i 4500
001 - NÚMERO DE CONTROL
Campo de control 768714001
003 - IDENTIFICADOR DEL NÚMERO DE CONTROL
Campo de control CO-MdFUSB
005 - FECHA Y HORA DE LA ULTIMA TRANSACCIÓN
control field 20211012111017.0
007 - CAMPO FIJO DE DESCRIPCIÓN FIJA--INFORMACIÓN GENERAL
Campo fijo de descripción fija ta
008 - ELEMENTOS DE LONGITUD FIJA -- INFORMACIÓN GENERAL
Campo fijo de descripción fija -- Información general 200709t1962 sp |||| |||| 00| 0 spa d
020 ## - NÚMERO INTERNACIONAL NORMALIZADO PARA LIBROS
Número Internacional Normalizado del libro [No incluye ISBN]
040 ## - FUENTE DE CATALOGACIÓN
Agencia de catalogación original CO-MdFUSB
Idioma de catalogación spa
Agencia que realiza la transcripción CO-MdFUSB
Agencia que realiza la modificación CO-MdFUSBC
Convenciones de la descripción rda
041 ## - CÓDIGO DE IDIOMA
Código de idioma para texto/pista de sonido o título separado spa
Código de idioma original eng
082 ## - NÚMERO DE CLASIFICACIÓN DECIMAL DEWEY
Número de la edición del Dewey 23
Número de clasificación 230
Clave de autor-Numero de item F245
100 ## - ASIENTO PRINCIPAL--NOMBRE PERSONAL
Nombre personal Farrell, Walter
Fechas asociadas con el nombre 1902-1951
Término relacionador autor
240 ## - TITULO UNIFORME
Título uniforme <a href="The fullness of life">The fullness of life</a>
245 ## - TÍTULO
Título del Material Plenitud de vida :
Parte restante del título - Subtitulo corresponde a la Parte II A, II AE
Mención de responsabilidad, etc. / Walter Farrell ; traducido por Fray Efren Villacorta Saiz, O.P.
250 ## - MENCIÓN DE EDICIÓN
Mención de edición Primera edición
264 #1 - PRODUCCIÓN, PUBLICACIÓN, DISTRIBUCIÓN, MANUFACTURA, Y COPYRIGHT
Lugar de producción, publicación, distribución, manufactura Madrid, España :
Nombre del productor, publicador, distribuidor Ediciones Morata,
Fecha de producción, publicación, distribución, manufactura, o copyright [1962]
264 #4 - PRODUCCIÓN, PUBLICACIÓN, DISTRIBUCIÓN, MANUFACTURA, Y COPYRIGHT
Fecha de producción, publicación, distribución, manufactura, o copyright ©1962
300 ## - DESCRIPCIÓN FÍSICA
Dimensiones 493 páginas ;
Extensión 22 cm
336 ## - TIPO DE CONTENIDO
Fuente rdacontent
Término de tipo de contenido texto
Código de tipo de contenido txt
337 ## - TIPO DE MEDIO
Fuente rdamedia
Nombre del tipo de medio sin mediación
Código del tipo de medio n
338 ## - TIPO DE SOPORTE
Fuente rdacarrier
Nombre del tipo de soporte volumen
Código Tipo de soporte nc
490 ## - MENCIÓN DE SERIE
Mención de serie Colección Jordán
505 ## - NOTA DE CONTENIDO
Nota de contenido con formato preestablecido Libertad de la mente. -- Libertad de la voluntad. -- Compartiendo la vida divina. -- Plenitud del amor. -- La vaciedad de la contienda. -- Plenitud de acción. -- La plenitud de la vida social. -- La esencia de la anarquía I. -- La esencia de la anarquía II. -- La plenitud de la religión. -- La esterilidad de la irreligión. -- El deudor de la sociedad. -- Raíces de la rudeza. -- La plenitud del valor. --Grandeza de alma. -- El animal humano. -- La libertad de la pureza. -- La plenitud de la verdad. -- Modestia y milagros. -- Plenitud de vida.
563 ## - NOTA DE ENCUADERNACIÓN
Nota de encuadernación Rústico
650 #7 - ASIENTO SECUNDARIO DE MATERIA - TERMINO TEMÁTICO
9 (RLIN) 320
Término temático o nombre geográfico como elemento de entrada Teología bíblica
700 ## - ASIENTO SECUNDARIO - NOMBRE PERSONAL
9 (RLIN) 5187
Nombre personal Villacorta Saiz, Efren ‎
Responsabilidad traductor
830 ## - PUNTO DE ACCESO ADICIONAL DE SERIE - TÍTULO UNIFORME
Título uniforme Guía de la suma teológica
Nombre de parte o sección de la obra Tomo tercero
942 ## - TIPO DE MATERIAL (KOHA)
Tipo de Item KOHA Libros General
945 ## - INFORMACIÓN LOCAL DEL REGISTRO
Catalogador Dani
Existencias
Estado de Material Estado de Perdido Forma de Clasificación Estado de Dañado No para Préstamo Colección Biblioteca de Origen Biblioteca Permanente Fecha de Adquisición Área Total de Préstamos Signatura Topográfica Código de Barras Última vez visto Ejemplar/Existencia Fecha de Remplazo Tipo de Material
    Dewey Decimal Classification     Colección General Biblioteca FUSBC Biblioteca FUSBC 09/07/2020 FILOSOFIA   G 230 F245p 2179 09/07/2020 Ej.1 09/07/2020 Libros General

Biblioteca FUSBC | Teléfono: (57+4) 349 88 10 Ext. 141| WhatsApp (+57) 3005338115 
E-mail: biblioteca@unisbc.edu.co | Calle 76 87-14 Robledo Palenque, Medellín, Colombia

Con tecnología Koha